| 000 | 00567nam a2200181Ia 4500 | ||
|---|---|---|---|
| 003 | OSt | ||
| 005 | 20200810101509.0 | ||
| 008 | 190216s9999||||xx |||||||||||||| ||und|| | ||
| 020 | _a9789350248669 | ||
| 020 | _a9788183188949 | ||
| 040 | _coclc | ||
| 082 |
_a300.072 _bKRI/M |
||
| 100 | 1 |
_aKrishnaswamy, O. R. _9858 |
|
| 245 | 0 |
_aMethodology Of Research In Social Sciences / _cO R Krishnaswami, M Ranganatham |
|
| 260 |
_bHimalaya Publishing House, _aMumbai: _c2008. _c2011. |
||
| 300 | _a445 | ||
| 942 |
_cBK _2ddc _h300.072 _iKRI/M _k300.072 _mKRI/M |
||
| 999 |
_c7745 _d7745 |
||